Statistics for Квиз о Доминиканској Републици

Click here to take the quiz!

General Stats

  • This quiz has been taken 43 times
  • The average score is 8 of 15

Answer Stats

ОписОдговор% Correct
Једина држава са којом се граничиХаити
90%
Званичан језикШпански
90%
Море у коме се налазиКарипско море
87%
Државна валутаПезос
77%
Главни градСанто Доминго
67%
Више од милион људи пореклом из Доминиканске Републике живи у овој државиСАД
64%
Најпопуларнији спортБејзбол
62%
Град из одговора изнад је __________ град основан од стране Европљана у Новом светуНајстарији
51%
Бругал, Барсело и Бермудез су врсте овог пићаРум
51%
Острво које се налази око 120 км источно од ове државеПорторико
44%
Острво које дели са државом изнадХиспаниола
41%
5% извоза чини овај ручно мотани производЦигаре
38%
Популарно туристичко место на крајњем истоку острваПунта {Кана}
28%
У овој држави "меренге" је врста ...Музике
23%
Диктатор са надимком "Ел Хефе" по коме је главни град некада носио имеРафаел Трухиљо
18%

Score Distribution

Percentile by Number Answered

Percent of People with Each Score

Your Score History

You have not taken this quiz